Organické zlúčeniny v tokajských vínach bakalárska práca

Salvato in:
Dettagli Bibliografici
Autore principale: Panáková, Veronika
Natura: Libro
Lingua:slovacco
Pubblicazione: Bratislava STU FCHPT 2016
Accesso online:Visualizza in OPAC
Tags: Aggiungi Tag
Nessun Tag, puoi essere il primo ad aggiungerne!!

MARC

LEADER 00000nam a2200000 a 4500
005 20260127133956.0
008 160808 2016 000 0 slo d
035 |a vtls011571877 
039 9 |y 201608081436  |z mschk03 
040 |a STUSCHK1  |b slo  |c STUSCHK1  |e AACR2 
100 1 |a Panáková, Veronika 
245 1 |a Organické zlúčeniny v tokajských vínach  |b bakalárska práca  |c Veronika Panáková 
260 |a Bratislava  |b STU FCHPT  |c 2016 
300 |a 39 s.  |b il. c 25 cm 
500 |a Študijný program: chémia, medicínska chémia a chemické materiály 
500 |a Študijný odbor: chémia, chemické technológie 
500 |a Školiace pracovisko: Odd. analytickej chémie 
500 |a Evid. číslo: FCHPT-13569-65056 
910 |a SCHK95 
999 |c 1297  |d 1297